| 000 | 00848nam a2200253 i 4500 | ||
|---|---|---|---|
| 001 | bg | ||
| 100 | 1 | _aPAWLIKOWSKI, Jan | |
| 245 | 1 | 0 |
_aSystemy zapewnienia jakości w budownictwie = _bQuality assurance systems in construction / _cJan Pawlikowski. |
| 260 |
_aWarszawa : _bWydawnictwa ITB, _c1998. |
||
| 300 |
_a49 s. ; _c24 cm. |
||
| 490 | 1 | _aPrace Naukowe Instytutu Techniki Budowlanej. Monografie | |
| 504 | _aBibliogr. s. 37-39. | ||
| 650 | 9 |
_aJakość wyrobów _xdokumentacja |
|
| 650 | 9 |
_aBudownictwo _xnormalizacja |
|
| 710 | 0 | _aINSTYTUT TECHNIKI BUDOWLANEJ (Warszawa) | |
| 830 | 0 |
_aPrace Naukowe Instytutu Techniki Budowlanej. _pMonografie |
|
| 020 | _a8371309260 | ||
| 040 | _cBPK | ||
| 041 | 0 | _apl | |
| 080 | _a624.01/.07+69:006(4+438) | ||
| 920 | _a83-7130-926-0 | ||
| 942 | _cKS | ||
| 008 | s pl f |000 0 pol | ||
| 999 |
_c33255 _d33255 |
||
| 856 |
_uhttp://koha.tu.koszalin.pl/cgi-bin/koha/opac-detail.pl?biblionumber=33255 _yKatalog online BPK |
||